01368cam a2200313Ii 4500001001300000003000900013005001700022007000300039008004100042015001900083020002700102020001500129020001800144020001500162020001800177035002100195040007000216041000800286100001800294245006100312250002200373260003800395300002200433505045700455546002200912650002700934650005300961650004001014ocn970378767Co-BoUCM20171030142645.0ta171030s2017 enk b 001 0 eng d aGBB6J77432bnb a9781137505323 (2a.Ed.) z113750532X z9781137505361 z1137505362 a9781137505361 a(OCoLC)970378767 aCo-BoUCMbspacSaul NiñodSaul NiñodSaul NiñodSaul Niño0 aspa1 aSpalek, Basia10aCrime victimsbtheory, policy and practicecBasia Spalek aSegunda edición aLondonbPalgravebMacmillanc2017 aix, 202 páginas0 aIntroducing victimology: victimhood, social justice and trauma -- A history of victomology -- Exploring victimisation through social harm -- Victimology and psychological traumatology -- Researching victimisation and trauma -- State-based responses to victimisation -- Self-help responses to victimisation -- Victims' rights and challenges for practitioners -- A toolkit for victims, offenders and practitioners -- Future developments and implications. aTexto en inglés 7aVíctimas de delitos  7aVíctimas de delitos xPolítica gubernamental 7aAdministración de justicia penal